000 01083nam a2200301 i 4500
001 bg
100 1 _aDeh, Ulrich
_d(1941- ).
245 1 0 _aKlimatyzacja w samochodzie /
_cUlrich Deh ; tł. z jęz. niem. Kazimierz Hawryłkiewicz.
246 _iTyt. oryg.:
_aKfz-Klimaanlagen
250 _aWyd. 2 uaktual.
260 _aWarszawa :
_bWydawnictwa Komunikacji i Łączności,
_c2005.
300 _a131, [1] s. :
_brys., wykr. ;
_c24 cm.
500 _aTyt. oryg.: "Kfz-Klimaanlagen" 2003.
504 _aBibliogr. s. 131-[132].
650 9 _aKlimatyzacja
_xurządzenia
650 9 _aSamochody osobowe
_xwyposażenie
655 _aPoradniki
700 1 _aHawryłkiewicz, Kazimierz.
_eTł.
015 _aPB 12786/2005
020 _a8320615585
040 _cBPK
041 1 _apol
_hger
080 _a629.331:628.8](083.1)
920 _a83-206-1558-5
942 _cKS
008 s pl f |000 0 pol
999 _c46508
_d46508
856 _uhttp://koha.tu.koszalin.pl/cgi-bin/koha/opac-detail.pl?biblionumber=46508
_yKatalog online BPK